Statistiques concernant Top 5 en Europe

Cliquez ici pour prendre le quiz!

Statistiques générales

  • Ce quiz a été pris 204 fois
  • Le résultat moyen est 55 sur 60

Statistiques - réponses

Réponse% Correct
Producteur de pommeFrance
100%
Le point le plus basFrance
100%
Le point le plus hautFrance
100%
Plus grand en tailleFrance
100%
constructeur automobileFrance
100%
Force militaireFrance
100%
Plus grande populationFrance
100%
Producteur de vinFrance
100%
Plus grand en tailleEspagne
99%
constructeur automobileEspagne
99%
Producteur de vinEspagne
99%
Force militaireRussie
99%
Le point le plus basRussie
99%
Le point le plus hautRussie
99%
Producteur de pétroleRussie
99%
Producteur de seigleRussie
99%
Producteur d'avoineRussie
99%
Producteur de pommeRussie
99%
Plus grand en tailleRussie
99%
Plus grande populationRussie
99%
Producteur de vinItalie
98%
Le point le plus hautItalie
98%
Plus grande populationItalie
98%
Force militaireItalie
98%
Producteur de pommeItalie
98%
Producteur d'avoineRoyaume-Uni
98%
Force militaireRoyaume-Uni
98%
Producteur de pétroleRoyaume-Uni
98%
constructeur automobileRoyaume-Uni
98%
Plus grande populationRoyaume-Uni
98%
Force militaireAllemagne
97%
constructeur automobileAllemagne
97%
Producteur de vinAllemagne
97%
Plus grande populationAllemagne
97%
Producteur de seigleAllemagne
97%
Producteur de pétroleNorvège
95%
Plus haut% d'énergie renouvelableNorvège
95%
Producteur d'avoineSuède
95%
Plus grand en tailleSuède
95%
Plus haut% d'énergie renouvelableSuède
95%
Le point le plus hautSuisse
92%
Producteur d'avoineFinlande
90%
Plus haut% d'énergie renouvelableFinlande
90%
Producteur de seiglePologne
90%
Producteur de pommePologne
90%
Producteur d'avoinePologne
90%
Producteur de vinPortugal
90%
Producteur de seigleUkraine
88%
Producteur de pommeUkraine
88%
Plus grand en tailleUkraine
88%
Le point le plus basDanemark
83%
Producteur de pétroleDanemark
83%
Le point le plus basPays-Bas
81%
Le point le plus hautAutriche
78%
Plus haut% d'énergie renouvelableIslande
74%
constructeur automobileRépublique Tchèque
65%
Producteur de pétroleRoumanie
65%
Producteur de seigleBiélorussie
55%
Le point le plus basLituanie
52%
Plus haut% d'énergie renouvelableAlbanie
33%

Distribution des résultats

Percentile par nombre de réponses

% des personnes avec chaque résultat

Votre développement - résultats

Vous n’avez pas pris ce quiz